000 00698nam a22002057i 4500
999 _c23521
_d23521
003 AR-CdUCM
008 260205b20232023 pe||||| |||| 00| 0 spa d
020 _a978-612-4297-81-6
040 _aMUNICIPALIDAD PROVINCIAL DEL CUSCO
_cBIBLIOTECA MUNICIPAL DEL CUSCO
041 _hspa
082 _aES / 869.56
_bS2543L
100 _aSantiago Flores, Jorge
_952313
245 _aEl libro de los sacrificios /
260 _aPuente Piedra Lima :
_bGrupo Pakarina S.A.C.
_c2023
300 _a94 páginas. :
_c21x15 cm.
505 _aFelinos -- El huésped -- Vuelta a empezar -- La fama -- Marcio -- El ciervo
856 _fwww.pakarinaediciones.org
942 _2ddc
_cLIBROS
945 _apbjr
_d05-02-2026